Circuits de Formule 1 #4 - Statistiques

Statistiques générales
  • Ce quiz a été pris 396 fois
  • Le résultat moyen est 5 sur 15
Statistiques - réponses
Par images Réponse % Correct
Circuit Park Zandvoort
75%
Autódromo Internacional do Algarve
69%
Autodromo José Carlos Pace
69%
Сочи Автодром
66%
Losail International Circuit
63%
Nürburgring
49%
Circuit du Mugello
39%
Circuito Permanente de Jerez
26%
Autodromo do Estoril
22%
Circuit d'Ain-Diab
17%
Streets of Detroit
16%
Automobil-Verkehrs und Übungs-Straße
9%
Aintree Racetrack
7%
Circuito da Boavista
4%
Circuito Pedralbes
4%
Aucun quiz correspondant
Distribution des résultats
% des personnes avec chaque résultat
Percentile par nombre de réponses
Votre historique - résultats
Vous n’avez pas pris ce quiz